[Event "World Cup"]
[Site "Khanty-Mansiysk"]
[Date "2007.12.04"]
[Round "4.2"]
[White "Nisipeanu, Liviu Dieter"]
[Black "Karjakin, Sergey"]
[Result "0-1"]
[WhiteElo "2668"]
[BlackElo "2694"]
[Annotator "Karjakin,S"]
[PlyCount "74"]
[EventDate "2007.11.24"]
[EventType "k.o."]
[EventRounds "7"]
[EventCountry "RUS"]
[SourceTitle "CBM 122"]
[Source "ChessBase"]
[SourceDate "2008.01.30"]
[SourceVersion "1"]
[SourceVersionDate "2008.01.30"]
[SourceQuality "1"]

1. e4 c5 2. Nf3 d6 3. d4 cxd4 4. Nxd4 Nf6 5. Nc3 a6 6. Be3 e5 7. Nb3 Be6 8. Qd2
Nbd7 9. O-O-O b5 10. f4 {A few days ago my opponent won in this line a very
important game against Ivanchuk, so I was expecting this line. Wenige Tage
zuvor hatte mein Gegner mit diesem Abspiel eine sehr wichtige Partie gegen
Ivanchuk gewonnen, daher kam es für mich nicht unerwartet.} Be7 11. Kb1 O-O 12.
f5 Bc4 13. g4 $6 {A typical idea in this type of position, but maybe here it
is too optimistic. Ein typische Idee in dieser Art von Stellung, hier aber
vielleicht zu optimistisch.} Nxg4 14. Rg1 Nxe3 15. Qxe3 Bxb3 $1 {The position
looks very dangerous for Black, but it looks like he defends in all the lines
keeping an extra pawn. Die Stellung sieht sehr gefährlich aus für Schwarz,
aber es sieht so aus, als könne er sich in allen Abspielen verteidigen und
einen Mehrbauern behaupten.} 16. Qh6 $2 ({Better was Besser war} 16. axb3 Kh8
17. Nd5 {and White has enough compensation for the pawn, but no more. und Weiß
hat genug Kompensation für den Bauern, aber nicht mehr.}) 16... Bxc2+ 17. Kxc2
Bf6 18. Rxd6 ({More interesting was Interessanter war} 18. Rd3 Kh8 19. Qh5 h6
20. Rh3 Kh7 21. Nd5 Rc8+ 22. Kb1 Nb6 23. Ne3 (23. Rxg7+ Bxg7 24. f6 Nxd5 25.
fxg7 Qf6 26. gxf8=N+ Rxf8 $17) 23... Qc7 24. Bd3 Qc5 {Although Black is better
White can hope to organize some threats. Schwarz steht zwar besser, doch Weiß
kann hoffen, ein paar Drohungen aufzustellen.}) 18... Kh8 19. Qd2 Ra7 $17 {
Now Black is much better. Nun steht Schwarz deutlich besser.} 20. Kb1 (20. Qg2
Rg8 21. Rd3 Be7 $17) (20. Nd5 Qc8+ 21. Kb1 Qc5 $17) 20... Qc7 21. Rd3 Nb6 22.
Nd5 Nxd5 23. Rxd5 Rd8 24. Be2 Rxd5 25. Qxd5 g6 26. Rc1 Qe7 27. Qc5 (27. Qc6 Kg7
28. Qb6 Bg5 $17) 27... Kg7 28. Qxe7 Bxe7 29. Rc6 Kh6 30. a4 $2 {The decisive
mistake! Der entscheidende Fehler!} ({White should have played Weiß hätte} 30.
fxg6 {and if spielen sollen, und falls} hxg6 {then , so} (30... fxg6 31. Re6)
31. a4 {with drawing chances.}) 30... bxa4 31. Rxa6 $2 ({White is not helped
much by Keine große Hilfe für Weiß bedeutet} 31. fxg6 fxg6 32. Bxa6 Kg5 $17)
31... Rxa6 32. Bxa6 Kg5 33. fxg6 fxg6 $1 {The point! Now White has no defence
against Kh4 following by g5, g4, Kh3. Die Pointe! Nun hat Weiß keine
Verteidigung gegen Kh4 nebst by g5, g4 und Kh3.} 34. Kc2 Kh4 35. Bc8 (35. Bf1
g5 36. Kc3 g4 37. Kc4 Bg5 $19) 35... g5 36. Kd3 g4 37. Kc4 Kh3 {In view of the
inevitable h5 and Kxh2 White resigned! Angesichts des unvermeidbaren h5 und
Kxh2 gab Weiß auf!} 0-1

[Event "Corus"]
[Site "Wijk aan Zee"]
[Date "2007.01.28"]
[Round "13"]
[White "Svidler, Peter"]
[Black "Karjakin, Sergey"]
[Result "0-1"]
[WhiteElo "2728"]
[BlackElo "2678"]
[Annotator "Karjakin,S"]
[PlyCount "64"]
[EventDate "2007.01.13"]
[EventType "tourn"]
[EventRounds "13"]
[EventCountry "NED"]
[EventCategory "19"]
[SourceTitle "CBM 117"]
[Source "ChessBase"]
[SourceDate "2007.03.30"]
[SourceVersion "1"]
[SourceVersionDate "2007.03.30"]
[SourceQuality "1"]

1. e4 c5 2. Nf3 d6 3. d4 cxd4 4. Nxd4 Nf6 5. Nc3 a6 6. Be3 e5 7. Nb3 Be6 8. Qd2
Nbd7 9. O-O-O Be7 10. f3 b5 11. g4 b4 12. Nd5 Bxd5 13. exd5 Nb6 14. Na5 (14.
Qxb4) 14... Nbxd5 $1 15. Nc6 Qc7 16. Nxb4 $146 Nxb4 17. Qxb4 O-O {[#]} 18. g5
$2 (18. Qb6 $1 {was to be prefered. war vorzuziehen.}) 18... Rfc8 19. Qa4 $6 (
19. Qc4 $1 Qxc4 20. Bxc4 Rxc4 21. gxf6 Bxf6 (21... gxf6 22. Rhg1+ Kh8 23. Bh6
$132) 22. Rxd6 Kf8 $13) (19. Bd3 {did not solve the problems because of konnte
die Probleme nicht lösen wegen} Rab8 20. Qh4 (20. Qc3 Qxc3 21. bxc3 Nd5 22.
Bxh7+ Kxh7 23. Rxd5 Rxc3 $17) 20... Rxb2 $3 {A very typical idea in this
variation. Eine ganz typische idee in dieser Variante.} 21. Qc4 (21. Kxb2 Qc3+
22. Kb1 d5 $19) 21... Qb7 22. Qxc8+ Qxc8 23. gxf6 Bxf6 24. Kxb2 e4+ 25. Kc1
exd3 26. Rxd3 Qf5 $19 {and Black should gradually win. und Schwarz sollte
allmählich gewinnen.}) 19... Rab8 $3 {Black is exploiting the fact that White
does not have time to take the knight.  Schwarz nutzt die Tatsache aus, dass
Weiß keine Zeit hat, den Springer zu schlagen.} 20. Bd3 $2 {This is already
the decisive mistake! Dies ist bereits der entscheidende Fehler!} ({Now there
is no Es geht jetzt nicht mehr} 20. Qc4 $2 {anymore because of wegen} Qb7 $19)
(20. Bc4 {was the only chance to stay in the game. Black has a lot of
interesting possibilites here, but at least White is not losing immediately!
war die einzige Chance, in der Partie zu bleiben. Schwarz hat hier eine
Vielzahl interessanter Möglichkeiten, aber wenigstens verliert Weiß nicht
sofort!} Qxc4 (20... Nd7 21. Bb3 Nc5 22. Bxc5 Bxg5+ 23. Kb1 Qxc5 24. Qxa6 $13)
(20... Ng4 21. fxg4 Qxc4 22. Qxc4 Rxc4 23. h3 $15) 21. Qxc4 Rxc4 22. gxf6 Bxf6
23. Rxd6 e4 24. c3 Ra4 25. a3 exf3 26. Rf1 Be5 27. Rd7 Bxh2 28. Rxf3 f6 $15) (
20. gxf6 $2 Rb4 {loses on the spot. verliert auf der Stelle.}) 20... Nd7 $19
21. Qe4 g6 22. Bxa6 (22. h4 Rxb2 23. Kxb2 Qc3+ 24. Kc1 d5 $19) ({Hardly better
was Kaum besser war} 22. Rde1 Nc5) 22... Rb4 $1 {The logical continuation of
the attack! Die logische Fortsetzung des Angriffs!} 23. Qd3 (23. c4 Qc6 24.
Bxc8 Rxc4+ 25. Kb1 Rxe4 26. Bxd7 Qxd7 27. fxe4 Qa4 $19) 23... Rcb8 24. b3 Nc5
$1 {When you have a good position it is easy to play well.  Wenn man eine gute
Stellung hat, ist es leicht, auch gut zu spielen.} 25. Bxc5 Qxc5 26. Qd5 Qa7
27. Bc4 Bxg5+ (27... Rc8 $1 {was another very strong option: war eine andere
sehr starke Möglichkeit:} 28. a3 Qxa3+ 29. Kd2 Bxg5+ 30. Ke1 Rbxc4 31. bxc4
Qe3+ 32. Kf1 Rxc4 33. Qd3 Rxc2 34. Qxe3 Bxe3 35. Rxd6 Bd4 $19) 28. Kb2 Ra4 29.
a3 ({Nor does Auch} 29. Ra1 {help: hilft nicht:} Ra5 $1 (29... e4 30. Rhf1 e3
$19) 30. Qe4 (30. Qxd6 Be7 31. Qd3 Ba3+ 32. Kb1 Ra4 $19) 30... Ra3 31. Qd5 Ra8
32. b4 Bf6 $19) 29... Ra5 30. Qe4 (30. Qxd6 Be7 $19) 30... Be3 {30...Kg7 was
also winning, but 30...Rxa3 could have been a mistake. 30...Kg7 gewann
ebenfalls, aber mit 30...Rxa3 gab es noch Gelegenheit zu einem Fehler.} (30...
Kg7 $19) (30... Rxa3 $2 31. Ra1 Ra8 32. Qxa8+ Qxa8 33. Rxa3 Qxf3 34. Rf1 {
and White has counterplay. und Weiß hat Gegenspiel.}) 31. c3 $6 ({The last
chance was Die letzte Chance war} 31. Rxd6 {but after , doch nach} Bc5 (31...
Bd4+ 32. Rxd4 exd4 33. Qf4 $17) 32. Rd5 Bxa3+ 33. Kb1 Bc5 34. Qxe5 Ra8 35. Kb2
Ra1 36. Rxc5 Rxh1 37. Kc3 Rf8 $19 {Black is winning anyway. gewinnt Schwarz
trotzdem.}) 31... Rxa3 {Now it is time to play it.  Jetzt ist der richtige
Zeitpunkt dafür.} 32. Ra1 Ra8 ({White resigned as after Weiß gab auf, denn nach
} 32... Ra8 33. Qxa8+ (33. Qb1 Rxa1 34. Qxa1 Bc1+ $1 35. Rxc1 Qf2+ 36. Rc2
Qxc2+ 37. Kxc2 Rxa1 $19) 33... Qxa8 34. Rxa3 Qxf3 35. Rf1 Qg2+ 36. Kb1 d5 $19 {
his position is hopeless. ist seine Stellung hoffnungslos.}) 0-1

[Event "Foros Aerosvit"]
[Site "Foros"]
[Date "2007.06.25"]
[Round "7"]
[White "Karjakin, Sergey"]
[Black "Van Wely, Loek"]
[Result "1-0"]
[WhiteElo "2686"]
[BlackElo "2674"]
[Annotator "Karjakin,S"]
[PlyCount "69"]
[EventDate "2007.06.18"]
[EventType "tourn"]
[EventRounds "11"]
[EventCountry "UKR"]
[EventCategory "18"]
[SourceTitle "CBM 119"]
[Source "ChessBase"]
[SourceDate "2007.08.01"]
[SourceVersion "1"]
[SourceVersionDate "2007.08.01"]
[SourceQuality "1"]

{This game was played in the 7th round. I was already doing well, but I did
not want to stop and wanted to win very much!  Diese Partie wurde in der 7.
Runde gespielt. Ich lag bereits gut im Rennen, aber ich wollte nicht aufhören
und unbedingt gewinnen!} 1. e4 c5 2. Nf3 d6 3. d4 cxd4 4. Nxd4 Nf6 5. Nc3 a6 6.
Be3 e5 7. Nf3 {I decided to leave the main lines and to play something else
Ich beschloss, die Hauptabspiele zu verlassen und etwas anderes zu spielen.}
Be7 8. Bc4 O-O 9. O-O Nc6 {I did not expect this line and was prepared only
for 9...Be6.  Dieses Abspiel hatte ich nicht erwartet und war nur für 9...Be6
präpariert.} 10. Re1 b5 11. Bf1 Rb8 12. Bg5 Ng4 13. Bc1 $146 ({After Nach} 13.
Bd2 {I did not like missfiel mir} f5 {-> , und diesen Zug wollte ich vermeiden.
} (13... Be6 14. Nd5 {1/2-1/2 Anand,V (2779)-Topalov,V (2783)/Morelia/Linares
MEX/ESP 2007/The Week in Chess 643 (24)})) 13... Qb6 ({Bad was Schlecht war} 
13... f5 $2 {in view of wegen} 14. exf5 $16 ({but not nicht aber} 14. Qd5+ $2
Kh8 15. Qxc6 $4 Bb7 $19) 14... Bxf5 $2 15. Qd5+ $18) 14. Qd2 Nf6 15. h3 $6 {
Prophylactic against Bg4, but White is losing an important tempo! Prophylaxe
gegen Bg4, doch Weiß verliert ein wichtiges Tempo!} ({Stronger was Stärker war
} 15. Nd5 $1 Nxd5 16. exd5 Na5 17. Qb4 {with the idea Nxe5 or a4. White is
keeping some pressure. mit der Idee Nxe5 oder a4. Weiß behält einigen Druck.})
15... Re8 $1 {Black is protecting the bishop on e7.  Schwarz deckt den Läufer
auf e7.} 16. Qd1 ({Now Nun erreicht} 16. Nd5 {did not achieve anything because
of nichts mehr wegen} Nxd5 17. exd5 Nd4 $1 18. Nxd4 exd4) 16... h6 ({Also
posssible was Ebenfalls möglich war} 16... Nd4 17. Be3 Nxf3+ 18. Qxf3 Qc7 19.
Bd3 {with an aproximately equal position. mit ungefähr gleicher Stellung.}) 17.
b3 Bf8 18. a4 b4 19. Nd5 Nxd5 20. exd5 Na5 21. Be3 Qc7 $2 {This is an
important moment in the game! Black allows the exchange of knights (Nd2, Nc4)
which is useful for White. Dies ist ein wichtiger Moment in der Partie!
Schwarz lässt den Springertausch zu (Nd2, Nc4), welcher für Weiß nützlich ist.}
({Stronger was Stärker war} 21... Qb7 {[%csl Rd5] I was going to play Ich
wollte darauf} 22. g4 {but it is clear that Black has a good game here.
fortsetzen, aber es ist klar, dass Schwarz hier gutes Spiel hat.}) 22. Nd2 $14
{Suddenly Black has some problems. White has good pieces and an easy game, but
Black has some problems with choosing a plan. Plötzlich hat Schwarz Probleme.
Weiß hat gute Figuren und leichtes Spiel, während es dem Nachziehenden schwer
fällt, einen Plan zu finden.} f5 23. Nc4 Be7 $2 {This is a blunder! Dies ist
ein grober Bock!} (23... g6 {had to be prefered, although after war
vorzuziehen, wenngleich nach} 24. Rc1 $1 {followed by c3 White retains some
advantage. nebst c3 Weiß einigen Vorteil behält.}) 24. Qh5 Rf8 (24... Bd7 25.
Bxh6 gxh6 26. Qg6+ Kf8 27. Be2 Red8 28. Ne3 $18) (24... Kf8 25. Bxh6 $16) 25.
Nxa5 Qxa5 26. Bxh6 $1 gxh6 $6 {A decisive mistake. Loek thought that I have to
repeat moves, but White has more than a perpetual...  Ein entscheidender
Fehlgriff. Loek dachte, ich müsste die Züge wiederholen, doch Weiß hat mehr
als Dauerschach...} 27. Qg6+ Kh8 28. Qxh6+ Kg8 29. Qg6+ Kh8 30. Re3 $1 f4 {
Diagram [#]} 31. Rxe5 $3 dxe5 32. Qh6+ Kg8 33. d6 $1 $18 {Black has an extra
rook and bishop, but he is defenceless against Bc4! Schwarz hat Turm und
Läufer mehr, ist aber wehrlos gegen Bc4!} Rf7 (33... Kf7 34. Qh7+ $18) 34. Bc4
Bf5 ({No salvation is Nichts hilft} 34... Qd8 35. dxe7 Qxe7 36. Qg6+ Kh8 37.
Bxf7 Qf8 38. Re1 $18) 35. dxe7 {In view of inevitable material losses Black
resigned! Angesichts unvermeidlicher Materialverluste gab Schwarz auf.} 1-0

[Event "Abu Dhabi op 25th"]
[Site "Abu Dhabi"]
[Date "2018.08.13"]
[Round "7"]
[White "Karthikeyan, Murali"]
[Black "Fedoseev, Vladimir1"]
[Result "1-0"]
[WhiteElo "2609"]
[BlackElo "2707"]
[Annotator "Karthikeyan,M"]
[PlyCount "105"]
[EventDate "2018.08.07"]
[EventType "swiss"]
[EventRounds "9"]
[EventCountry "UAE"]
[SourceTitle "CBM 185 Extra"]
[Source "ChessBase"]
[SourceDate "2018.07.29"]
[SourceVersion "1"]
[SourceVersionDate "2018.07.29"]
[SourceQuality "1"]

1. e4 c5 2. Nf3 d6 3. d4 cxd4 4. Nxd4 Nf6 5. Nc3 a6 6. Be3 e5 7. Nf3 Qc7 8. a4
(8. Nd2 Be6 {Just prevents Nc4 and White doesn't have any suitable plan to
continue.} 9. Be2 Be7 10. Bf3 O-O $11) 8... h6 $6 {Prevents Ng5 but it was not
necessary.} (8... Be6 $5 9. Ng5 Bd7 $11 {+=, but more or less transposes to
the game.}) (8... Be7 9. a5 O-O 10. Be2 Nc6 11. Bb6 Qb8 $11 {could have been
played}) 9. a5 Be6 10. Nd5 (10. Be2 $2 Qc6 $11 {White lacks co-ordination as
Nd5 is not possible.}) 10... Nxd5 (10... Bxd5 11. exd5 $16 {[%cal Gc2c4,Gb2b4]}
) 11. exd5 Bf5 12. c4 $6 (12. Bd3 {might have been the correct move but White
had to decide whether to keep the bishops or not.} Bxd3 (12... e4 13. Nd4 exd3
(13... Bh7 14. Be2 $16) 14. Nxf5 Qxc2 15. O-O $16) 13. Qxd3 Be7 {White can go
for c4-b4 ideas with bishop or without bishop but I felt with bishop looks
better.}) (12. Nh4 Bh7 $11 (12... Bxc2 13. Qd2 $16)) 12... Nd7 13. Be2 Be7 14.
O-O O-O 15. b4 Bh7 (15... Bg4 16. Rc1 $14) 16. Rc1 Rac8 (16... f5 17. c5 dxc5
18. bxc5 $18) 17. Qb3 (17. Nd2 f5 18. f4 $14 {this also feels good but first
bringing the queen out also looked very promising.}) (17. Qd2 f5 18. c5 f4 19.
cxd6 Qxd6 20. Bc5 Nxc5 21. bxc5 Rxc5 22. Rxc5 Qxc5 23. Nxe5 Qc2 $11 {just
equalises}) 17... Kh8 (17... f5 18. c5 $18 f4 19. cxd6 Qxd6 20. Bc5 $1 $18) 18.
Nd2 f5 19. f4 (19. f3 Bg5 20. Bxg5 hxg5 $14 {Black might get some counterplay
due to absence of dark square bishop.}) 19... Rce8 (19... Rfe8 $5 20. fxe5 Nxe5
21. Bh5 Rf8 22. Nf3 $16) 20. fxe5 $6 (20. c5 $5 Bg8 (20... dxc5 21. bxc5 Nxc5 (
21... exf4 22. d6 Qd8 23. dxe7 Qxe7 24. Bxf4 Qxe2 25. Qxb7 $16) 22. Qa3 exf4
23. Bxc5 $18 {and unfortunately Black has nothing.}) 21. c6 Nf6 22. Bb6 $16)
20... Nxe5 21. c5 $2 (21. Nf3 Ng4 (21... Bf6 22. Nd4 $16 {[%cal Gd4e6]}) 22.
Bb6 Qc8 23. h3 Bf6 24. Rfe1 $16 {This is clear for White.}) (21. Bh5 Rc8 (21...
g6 22. Bd1 $16) 22. Nf3 {transposes to one of the above variations.}) 21... Bg5
$6 (21... Bg8 22. Bf4 (22. Bh5 Rd8 $11) 22... Bf6 $11) 22. Bxg5 hxg5 23. Qc3 $2
(23. Nf3 Nxf3+ (23... dxc5 24. Nxg5 $18) (23... Ng4 24. Nd4 dxc5 25. Bxg4 $18)
24. Qxf3 dxc5 25. bxc5 Qxa5 26. d6 $16 {seems that White loses a pawn but has
good chances due to advanced d6 pawn and bad h7 bishop.}) 23... g4 24. Nb3 $2 (
24. Nc4 Nxc4 25. Bxc4 f4 $132) 24... f4 25. Nd4 Bg8 26. Qd2 dxc5 27. Rxc5 Qd6
28. Bd1 g5 $4 (28... Rf6 $17 {also looks good.}) (28... f3 {is practically
good move as the king gets open.} 29. gxf3 gxf3 30. Nxf3 Qg6+ $17 {Even if
black doesnt get any attack, trying this seems more logical.}) 29. Qc3 Qf6 30.
Bb3 $2 (30. Ba4 Re7 31. Nf5 $1 {Very hard move to see.} Rh7 (31... Qxf5 32. d6
Re6 33. Bd7 $1 $18 {the point} Qd3 34. Bxe6 Qxc3 35. Rxc3 Bxe6 36. Re1 $18) 32.
Bc2 $16 {[%csl Gf5]}) 30... Nd7 31. Rc7 Re3 32. Qxe3 $2 (32. Qd2 {is the
correct move.} Rfe8 (32... Ne5 33. Qxe3 $1 {now this is good as knight on e5
is misplaced.} fxe3 34. Rxf6 Rxf6 35. Re7 $16) 33. Rxd7 R8e4 34. d6 Qxd4 (34...
Rxd4 35. Qxe3 $18 {oops}) 35. Qxd4+ Rxd4 36. Bxg8 Kxg8 37. b5 axb5 38. Rxb7
Rxd6 39. Rxb5 $14) 32... fxe3 33. Rxf6 Nxf6 34. Ne6 Nxd5 (34... e2 35. Kf2 (35.
Rc1 Rc8 36. Re1 Rc3 37. Nc5 Bxd5 38. Bxd5 Nxd5 39. Rxe2 $11) 35... Nxd5+ 36.
Nxf8 Nxc7 37. Ng6+ Kg7 38. Bxg8 Kxg8 39. Ne5 g3+ 40. hxg3 Nd5 $11 {is simplest
draw.}) 35. Bxd5 e2 (35... Re8 36. Rc3 $18) 36. Rc1 Bxe6 37. Bxe6 Re8 38. Kf2
Rxe6 39. Ke1 b6 $4 (39... b5 40. axb6 (40. Rc5 Re4 41. Rxg5 Rxb4 42. Rg6 Rb1+
43. Kxe2 Rb2+ 44. Kf1 Ra2 $11) 40... Rxb6 41. Rc4 Kg7 42. Rxg4 Kf6 43. Kxe2 a5
44. bxa5 Rb2+ 45. Kf3 Ra2 $11 {eventually the rook ending will be a draw.}) 40.
b5 axb5 (40... Re5 41. Rb1 $1 $18) (40... bxa5 41. Rc6 Re8 42. bxa6 Ra8 (42...
Kg7 43. Rc5 a4 44. Ra5 $18) 43. Kxe2 a4 44. Kd3 $18 {king is in time.}) 41.
Rc8+ (41. a6 Re8 $16 {is unnecessary when you have a clear win.}) 41... Kg7 42.
a6 Re7 43. Rb8 g3 44. hxg3 Kf6 45. Rxb6+ Ke5 46. Rxb5+ Kd4 47. Ra5 Ra7 48. Kxe2
Ke4 49. Ra4+ Ke5 50. Kf3 Kf5 51. Ra5+ Kg6 52. g4 Kf7 53. Ke4 1-0

[Event "Donetzk zt"]
[Site "Donetsk"]
[Date "1998.11.10"]
[Round "8"]
[White "Moroz, Alexander"]
[Black "Berezin, Oleg"]
[Result "1-0"]
[WhiteElo "2490"]
[BlackElo "2455"]
[Annotator "King,D"]
[PlyCount "75"]
[EventDate "1998.11.02"]
[EventType "swiss"]
[EventRounds "11"]
[EventCountry "UKR"]
[SourceTitle "CBM 068"]
[Source "ChessBase"]
[SourceDate "1999.02.01"]
[SourceVersion "1"]
[SourceVersionDate "1999.02.01"]
[SourceQuality "1"]

1. e4 c5 2. Nc3 d6 3. Nf3 Nf6 4. d4 cxd4 5. Nxd4 a6 6. a4 b6 7. Bd3 Bb7 8. O-O
g6 9. f4 Bg7 10. Nf3 O-O 11. Qe1 Nbd7 12. Qh4 b5 ({Black may also play} 12...
e6 13. f5 Qc7 {transposing to the Najdorf games earlier} 14. Kh1 Rae8 {- see
Adams-King.}) 13. f5 (13. e5 $2 dxe5 14. fxe5 Bxf3 15. exf6 Bxf6 16. Qb4 Bc6
17. Bh6 a5 18. Qf4 b4 19. Bxf8 bxc3 20. Bh6 cxb2 21. Rab1 Nc5 22. Rfd1 Qd4+ 23.
Qxd4 Bxd4+ 24. Kh1 Bf6 {0-1 Bromann,T-Spisak,C/DEN-chJ int 1997}) 13... b4 14.
Ne2 {It is not clear whether Black has gained by pushing the knight from c3.
The c-file has been opened, but the knight may join the attack on the kingside.
} Rc8 (14... e6 15. fxe6 fxe6 16. Ng5 {x e6}) (14... Nc5 15. fxg6 fxg6 (15...
hxg6 $6 16. Ng5) 16. Ng5 (16. Bc4+ e6 17. Ng5 d5 18. Rxf6 Rxf6 19. Qxh7+ $40)
16... h6 17. Nf3 g5 18. Bxg5 hxg5 19. Nxg5 $40) 15. Bh6 Bxh6 16. Qxh6 Bxe4 $2 {
I believe this is a mistake. Black has two reasonable alternatives, one a
little crazy, one more sensible:} (16... Nxe4 $5 {Brave:} 17. Bxe4 Bxe4 18. Ng5
Qb6+ 19. Kh1 Nf6 20. Ng3 (20. Nf4 Rxc2 21. Rae1 Rf2 22. fxg6 Bxg6 23. Nxg6 hxg6
24. Qh4 Rxf1+ 25. Rxf1 Rc8) 20... Bxg2+ 21. Kxg2 Rxc2+ 22. Kh1 Qb7+ $13) (16...
Qb6+ 17. Kh1 Ng4 18. Qh4 Ndf6 $132) 17. Ng5 Bxd3 18. cxd3 Qb6+ 19. Kh1 Rc2 20.
Nf4 Qb7 21. d4 $1 {A surprisingly effective slow-motion attacking idea. White
aims at blocking out the attack on the long diagonal, among other things.} ({
It is also possible to try an immediate breakthrough:} 21. fxg6 fxg6 (21...
hxg6 22. Rf3 Qc6 23. Nxg6 Rc1+ 24. Rf1 Rxf1+ 25. Rxf1 fxg6 26. Qxg6+ Kh8 27.
Qh6+ Kg8 28. Ne6 Kf7 29. Qxf8+ Kxe6 30. Re1+ Kf5 31. Qxe7 $16) 22. Nge6 Rf7 23.
Nd8 Qa8 24. Nxf7 Kxf7 {. Both these variations are good for White but not
absolutely conclusive.}) 21... Rfc8 22. fxg6 hxg6 23. Nge6 Nh5 (23... fxe6 24.
Qxg6+ Kh8 25. Nxe6 Qxg2+ (25... Rg8 26. Qxc2 $1 {One of the hidden points of
playing d4.}) 26. Qxg2 Rxg2 27. Kxg2 $16) 24. d5 $18 Ndf6 25. Nxh5 Nxh5 26. Ng5
Nf6 27. Rxf6 exf6 28. Qh7+ Kf8 29. Re1 Re2 30. Qh8+ Ke7 31. Rxe2+ Kd7 32. Qh3+
Kd8 33. Qe3 fxg5 34. Qe8+ Kc7 35. Re7+ Kb8 36. Rxb7+ Kxb7 37. Qxf7+ Rc7 38. Qf1
1-0